Statistics for Countries That Have the Letter E as their 2nd Letter in Their Name

Click here to take the quiz!

General Stats

  • This quiz has been taken 129 times
  • The average score is 17 of 21

Answer Stats

Answer% Correct
Belgium
93%
Germany
93%
Belize
91%
Denmark
90%
Mexico
90%
Yemen
89%
Belarus
85%
Kenya
85%
Peru
85%
Serbia
85%
Senegal
84%
Venezuela
83%
Lesotho
82%
New Zealand
82%
Lebanon
81%
Netherlands
81%
Nepal
78%
Benin
75%
Seychelles
74%
Georgia
56%
Central African Republic
53%

Score Distribution

Percentile by Number Answered

Percent of People with Each Score

Your Score History

You have not taken this quiz